The complete works in verse and prose of Abraham comlep / (Record no. 22706)
[ view plain ]
| 000 -LEADER | |
|---|---|
| fixed length control field | 01705cam a2200349 4500 |
| 001 - CONTROL NUMBER | |
| control field | 22706 |
| 003 - CONTROL NUMBER IDENTIFIER | |
| rucl marc code | BD-RjUL |
| 005 - DATE AND TIME OF LATEST TRANSACTION | |
| control field | 20211209000836.0 |
| 008 - FIXED-LENGTH DATA ELEMENTS--GENERAL INFORMATION | |
| fixed length control field | 140309t1881 stkc 000 0 eng |
| 035 ## - SYSTEM CONTROL NUMBER | |
| System control number | (OCoLC)317590459 |
| System control number | (OCoLC)ocn317590459 |
| System control number | (CStRLIN)NYCG85-B91601 |
| System control number | (BD-RjUL)22771 |
| System control number | (NNC)389362 |
| 040 ## - CATALOGING SOURCE | |
| Transcribing agency | PU |
| Modifying agency | NNC |
| -- | BD-RjUL |
| Original cataloging agency | BD-RjUL |
| Language of cataloging | eng |
| 041 ## - LANGUAGE CODE | |
| Language code of text/sound track or separate title | eng |
| 082 04 - DEWEY DECIMAL CLASSIFICATION NUMBER | |
| Classification number | 821.46 |
| Author mark and year | COO 1967 |
| 090 ## - LOCALLY ASSIGNED LC-TYPE CALL NUMBER (OCLC); LOCAL CALL NUMBER (OCLC) | |
| Classification number (OCLC) (R) ; Classification number, CALL (RLIN) (NR) | PR3370.A5 |
| Local cutter number (OCLC) ; Book number/undivided call number, CALL (RLIN) | G7 |
| 100 1# - MAIN ENTRY--PERSONAL NAME | |
| Personal name | Cowley, Abraham, |
| Dates associated with a name | 1618-1667. |
| 9 (RLIN) | 57705 |
| 245 14 - TITLE STATEMENT | |
| Title | The complete works in verse and prose of Abraham comlep / |
| Statement of responsibility, etc. | now for the first time collected and edited: with memorial-introduction and notes and illustrations, portraits, etc. by the Rev. Alexander B. Grosart. |
| 260 ## - PUBLICATION, DISTRIBUTION, ETC. (IMPRINT) | |
| Place of publication, distribution, etc. | New york : |
| Name of publisher, distributor, etc. | AMS press, |
| Date of publication, distribution, etc. | 1967. |
| 300 ## - PHYSICAL DESCRIPTION | |
| Pagination | V-1 (243 p.) : |
| Illustrations | fronts. (ports.) ; |
| Size | 26 cm. |
| 490 1# - SERIES STATEMENT | |
| Series statement | Chertsey worthies' library |
| 500 ## - GENERAL NOTE | |
| General note | Title in red and black within red line border. |
| General note | With reproduction of original title-pages. |
| 505 0# - FORMATTED CONTENTS NOTE | |
| Formatted contents note | 1. Verse: Memorial introduction. Poetical blossomes. Sylva. Love's riddle. Naufragium joculaire. The mistresse. Miscellanies. Occasional verses. Comedies (1. Cutter and Coleman street. 2. The guardian) Notes and illustrations.--2. Verse and prose: Pindarique odes. Davideis. Davideidos. Latin poems. Translations. Advancement of experimental philosophy. Government of Oliver Cromwell. Essays in verse and prose. Letters. Notes and illustrations. Glossarial index. |
| 700 1# - ADDED ENTRY--PERSONAL NAME | |
| Personal name | Grosart, Alexander Balloch, |
| Dates associated with a name | 1827-1899, |
| Relator term | editor. |
| 830 #0 - SERIES ADDED ENTRY--UNIFORM TITLE | |
| Uniform title | Chertsey worthies' library. |
| 942 ## - ADDED ENTRY ELEMENTS (KOHA) | |
| Source of classification or shelving scheme | Dewey Decimal Classification |
| Koha item type | Books |
| Lost status | Source of classification or shelving scheme | Damaged status | Not for loan | Collection code | Permanent Location | Current Location | Shelving location | Date acquired | Source of acquisition | Cost, normal purchase price | Total Checkouts | Full call number | Date last seen | Copy number | Koha item type |
|---|---|---|---|---|---|---|---|---|---|---|---|---|---|---|---|
| Dewey Decimal Classification | Added to bundle | Fiction | Central Library, University of Rajshahi | Central Library, University of Rajshahi | Reading Room | 01/08/1971 | N/A | 0.00 | 821.46 COO V-1 1967 | 09/03/2014 | C-1 | Books |